LEADER 01253nam a2200289 i 4500 001 000000256901 003 CaOOAMICUS 005 20251008155511.0 008 180117s2017 it u000 u ita u 020 $a978-88-16-41405-1 040 $aSeMil$bita 100 1 $aCardini, Franco,$d<1940- >.$0(OLS)http://semarc/name/321 245 10$aCassiodoro il grande :$bRoma, i barbari e il monachesimo /$cFranco Cardini. 250 $aNuova edizione. 264 1$aMilano :$bJaca Book,$c2017. 300 $a171 p. ;$c23 cm. 490 1 $aBiblioteca di cultura medievale 600 04$aCassiodoro, Flavio Magno Aurelio .$0(OLS)http://semarc/subject/4577 650 4$aEuropa - Storia - Sec. 5.$0(OLS)http://semarc/subject/47051 830 0$aBiblioteca di cultura medievale .$0(OLS)http://semarc/title/530 850 $aSeMil 852 $aSeMil$W1$xVenegono$y1$m3T III 116$j263044$B207247$CSeMilBibl$Z2$F220770 $81 961 $aAcquisto: Cittą Nuova 996 $6020$a978-88-16-41405-1$9(OLS)http://semarc/number/281426 996 $6245$aCassiodoro il grande :$bRoma, i barbari e il monachesimo$9(OLS)http://semarc/title/412540 996 $6264$aMilano :$bJaca Book$9(OLS)http://semarc/publisher/29781 LEADER 01289nam a2200289 i 4500 001 000000088062 003 CaOOAMICUS 005 20190807134640.0 008 170412s2012 it u000 u ita u 013 $a60302 020 $a978-88-350-2953-3 040 $aSeMil$bita 100 1 $aMascheroni, Giovanna.$0(OLS)http://semarc/name/92342 245 12$aI ragazzi e la rete :$bla ricerca EU Kids online e il caso Italia /$cGiovanna Mascheroni (ed.) 260 $aBrescia :$bLa Scuola,$c2012. 300 $a312 p. ;$c22 cm. 490 0 $aSaggi ;$v21 650 4$aInternet e adolescenti - Ricerche.$0(OLS)http://semarc/subject/45742 650 4$aInternet - Impiego [da parte degli] Adolescenti [e dei] Bambini - Italia - Indagini per campione.$0(OLS)http://semarc/subject/45743 830 0$aSaggi ;$v21.$0(OLS)http://semarc/title/341 850 $aSeMil 852 $aSeMil$W1$xVenegono$y1$m2O V 101$j51430$B51430$CSeMilBibl$Z2$F55661 $81 961 $aOmaggio: Lorenzi don Ugo 996 $6020$a978-88-350-2953-3$9(OLS)http://semarc/number/271942 996 $6245$aI ragazzi e la rete :$bla ricerca EU Kids online e il caso Italia$9(OLS)http://semarc/title/405958 996 $6260$aBrescia :$bLa Scuola$9(OLS)http://semarc/publisher/29831